Guess the 1970s song lyrics #193 - Statistics

General Stats
  • This quiz has been taken 25 times
  • The average score is 291 of 392
Answer Stats
Answer % Correct
a
100%
be
100%
I
100%
you
95%
You
95%
and
90%
And
90%
for
90%
it
90%
me
86%
the
86%
The
86%
when
86%
friend
81%
I'm
81%
then
81%
we
81%
would
81%
Your
81%
again
76%
being
76%
it's
76%
My
76%
of
76%
say
76%
see
76%
Thank
76%
thank
76%
to
76%
up
76%
as
71%
down
71%
hear
71%
if
71%
If
71%
I'll
71%
no
71%
this
71%
back
67%
from
67%
is
67%
not
67%
there
67%
want
67%
will
67%
get
62%
Have
62%
heart
62%
With
62%
You're
62%
day
57%
knew
57%
or
57%
road
57%
true
57%
I'd
52%
Into
52%
Let
52%
now
52%
take
52%
tell
52%
though
52%
confidant
48%
night
48%
pal
48%
stay
48%
wanna
48%
way
48%
Way
48%
Won't
48%
You'll
48%
always
43%
biggest
43%
car
43%
need
43%
off
43%
right
43%
about
38%
attached
38%
away
38%
card
38%
even
38%
everyone
38%
gift
38%
Invited
38%
once
38%
party
38%
stand
38%
threw
38%
ashamed
33%
bow
33%
hard
33%
call
29%
hat
29%
Anytime
24%
die
24%
fear
24%
gray
24%
hope
24%
Traveled
24%
buy
19%
hair
19%
Milky
19%
older
19%
real
19%
Whatever
19%
Whoa
19%
both
14%
bout
14%
Cadillac
14%
canes
14%
close
14%
float
14%
lack
14%
walking
14%
ascend
10%
surely
10%
No matching quizzes found
Score Distribution
Percent of People with Each Score
Percentile by Number Answered
Your Score History
You have not taken this quiz